Proposed U.S. States on a Map - Statistics

General Stats
  • This quiz has been taken 532 times
    516 since last reset
  • The average score is 6 of 17
Answers on the Map
Answers color-coded by a green-red scale on the quiz's map according to % correct below.
 
Answer Stats
Proposed State % Correct
New England
90%
South Florida
65%
Deseret
61%
Jefferson
57%
Chicago
54%
New York City
42%
Delmarva
41%
Superior
36%
Lincoln
35%
Nantucket
32%
Franklin
29%
Absaroka
17%
West Kansas
17%
Westsylvania
15%
Forgottonia
9%
North Colorado
8%
Baja Arizona
7%
No matching quizzes found
Score Distribution
Percent of People with Each Score
Percentile by Number Answered
Your Score History
You have not taken this quiz since the last reset